Statistiques concernant Paroles - Garou - Seul

Cliquez ici pour prendre le quiz!

Statistiques générales

  • Ce quiz a été pris 297 fois
  • Le résultat moyen est 213 sur 250

Statistiques - réponses

Paroles% Correct
a
100%
au
100%
Au
100%
se
100%
seul
100%
Seul
100%
ce
99%
de
99%
sa
99%
dans
98%
qui
98%
un
98%
une
98%
vie
98%
Celui
97%
fois
97%
jamais
97%
Jamais,
97%
la
97%
moins
97%
n'a
97%
nuit
97%
été
96%
fond
96%
son
96%
bout
95%
lit
95%
j'ai
93%
Tant
92%
Je
91%
je
91%
m'a
91%
les
90%
suis
87%
que
86%
Que
86%
en
83%
étoiles
80%
fait
80%
Mais
79%
mal
79%
Il
78%
peut
78%
Jusqu'à
77%
aimer
76%
des
76%
femme
75%
jusqu'au
75%
Jusqu'au
75%
orbite
75%
remis
75%
toucher
75%
toujours
75%
m'y
74%
Peut-il
71%
peut-il
71%
retrouvé
70%
retrouve
70%
seulement
70%
plus
69%
tenté
68%
avoir
67%
Avoir
67%
limites
67%
D'aller
66%
mes
66%
souvent
66%
tombant
66%
m'suis
64%
haut
63%
63%
y
63%
du
61%
franchi
61%
pensé
60%
tout
60%
rêves
59%
jour
58%
grimpé
57%
l'on
57%
On
57%
cimes
54%
lendemain
54%
gloire
53%
Qu'on
53%
j'en
52%
l'amour,
52%
soir
52%
l'abîme
51%
L'argent,
51%
crève
50%
sont
50%
continuerai
49%
beau
48%
d'amis
48%
demain
48%
partis
48%
sais
48%
mourir
47%
départ
45%
point
45%
aujourd'hui
43%

Distribution des résultats

Percentile par nombre de réponses

% des personnes avec chaque résultat

Votre développement - résultats

Vous n’avez pas pris ce quiz